| 000 | 00775nam a2200229Ia 4500 | ||
|---|---|---|---|
| 003 | GCL | ||
| 008 | 140319s9999 xx 000 0 ara d | ||
| 020 | _a5610270977 | ||
| 040 |
_aGCL / _cGCL |
||
| 082 | 0 | 4 |
_a823.03 _bب ر |
| 100 | 1 | _aغبريال وهبة | |
| 245 | 1 | 0 |
_aرياح الشرق رياح الغرب : _bEAST WIND : WEST WIND / _cغبريال وهبة |
| 700 | 1 | _aمحمد حجى | |
| 700 | 1 | _aباك، بيرل | |
| 250 | _aالاولى | ||
| 260 |
_aالقاهرة : _bالدار المصرية اللبنانية ، _c2000 |
||
| 300 |
_a304 ص ؛ _c21 سم |
||
| 490 |
_aرويات جائزة نوبل _v15 |
||
| 650 | 0 | 4 | _aالقصص الانجليزية المترجمة |
| 650 | 0 | 4 | _aالادب الانجليزى المترجم |
| 942 |
_2ddc _cBK |
||
| 999 |
_c7989 _d7989 |
||